Masochismo e sadismo

Guardat en:
Dades bibliogràfiques
Autor principal: Deleuze Gilles
Format: Llibre
Idioma:idioma desconegut
Publicat: * Iota Libri
Etiquetes: Afegir etiqueta
Sense etiquetes, Sigues el primer a etiquetar aquest registre!

MARC

LEADER 00000nam a2200000Ia 4500
001 231
003 NUMERAZIONE-ORIGINALE-BRESCIA
005 20260206230750.0
008 260206s9999 xx 000 0 und d
100 |a Deleuze Gilles 
245 0 |a Masochismo e sadismo 
260 |a * 
260 |b Iota Libri 
260 |c 0 
942 |2 ddc  |c BK  |n 0 
952 |0 0  |1 0  |2 ddc  |4 0  |6 26  |7 0  |9 28431  |a BS  |b BS  |d 2026-02-06  |i 231  |l 0  |o 2-6-*  |r 2026-02-06 22:40:35  |w 2026-02-06  |x [REVISIONARE]  |y BK 
999 |c 24112  |d 24112